000 00614nam a2200229 i 4500
001 C2-0298075
003 PPAK
005 20180728080222.0
008 090526s2005 ii |||| ||||| | tam d
040 _aPPAK
_beng
_cPPAK
_erda
082 0 4 _a894.8111
_223
090 0 0 _a894.8111
_bPON
_dG
100 0 _aPon Iravindran,
_eauthor
245 1 0 _aKi neraiya miminikal
264 1 _aChennai, India :
_bKarpagam Puthakaalayam ,
_c2005
300 _a96 pages ;
_c18 cm
336 _2rdacontent
_atext
337 _2rdamedia
_aunmediated
338 _2rdacarrier
_avolume
650 1 0 _aTamil poetry
942 _ddc
_cB
999 _c102420
_d102420